| 000 | 00486nab a2200145Ia 4500 | ||
|---|---|---|---|
| 003 | ES-SlBCS | ||
| 005 | 20210601133936.0 | ||
| 008 | 140529s2003 xxu||||| |||| 00| 0 por d | ||
| 041 | _apor | ||
| 100 | 1 |
_aTrevisan, Rubens Muríllio _9211385 |
|
| 245 | 0 | 0 |
_aO valor filosófico do misticismo Sao Joao da Cruz: aproximaçoes bergsonianas _c Rubens Muríllio Trevisan |
| 650 | 0 | 4 |
_aMisticismo-Bergson _9211460 |
| 773 | 0 |
_tSintese _gvol. 30, nº. 96, 2003, págs. 65-83 _wRev973 |
|
| 942 | _cAR | ||
| 999 |
_c604547 _d604547 |
||